Instructor Development Training. (Record no. 478865)

000 -LEADER
fixed length control field 00540nam a22002057a 4500
003 - CONTROL NUMBER IDENTIFIER
control field NUST
005 - DATE AND TIME OF LATEST TRANSACTION
control field 20180808111031.0
008 - FIXED-LENGTH DATA ELEMENTS--GENERAL INFORMATION
fixed length control field 180808b ||||| |||| 00| 0 eng d
020 ## - INTERNATIONAL STANDARD BOOK NUMBER
International Standard Book Number 9780750697170
022 ## - INTERNATIONAL STANDARD SERIAL NUMBER
International Standard Serial Number 9780750697170
038 ## - RECORD CONTENT LICENSOR
Staff Name 0
050 ## - LIBRARY OF CONGRESS CALL NUMBER
Classification number 363.284
082 ## - DEWEY DECIMAL CLASSIFICATION NUMBER
Classification number 363.284
100 ## - MAIN ENTRY--PERSONAL NAME
Personal name Nicholson,Larry Gene.
9 (RLIN) 12272
245 ## - TITLE STATEMENT
Title Instructor Development Training.
Statement of responsibility, etc. Larry Gene Nicholson.
260 ## - PUBLICATION, DISTRIBUTION, ETC.
Place of publication, distribution, etc. New Delhi.
Name of publisher, distributor, etc. Butterworth-Heinemann.
Date of publication, distribution, etc. 1997.
300 ## - PHYSICAL DESCRIPTION
Extent 210p.
500 ## - GENERAL NOTE
General note Hard Cover.
942 ## - ADDED ENTRY ELEMENTS (KOHA)
Source of classification or shelving scheme
Koha item type Book
Call number prefix 363.284
Holdings
Withdrawn status Lost status Source of classification or shelving scheme Damaged status Not for loan Collection code Permanent Location Current Location Shelving location Date acquired Total Checkouts Full call number Barcode Date last seen Price effective from Koha item type
            Central Library (CL) Central Library (CL) General Stacks 08/08/2018   363.284 NIC NBSD-3037 08/08/2018 08/08/2018 Book
© 2023 Central Library, National University of Sciences and Technology. All Rights Reserved.